| Tag |
First Indicator |
Second Indicator |
Subfields |
| LEADER |
00000cam a2200000 i 4500 |
| 001 |
in00005777741 |
| 005 |
20260406152402.9 |
| 006 |
m o d |
| 007 |
cr un|---aucuu |
| 008 |
251205s2026 sz a ob 001 0 eng d |
| 040 |
|
|
|a UKMGB
|b eng
|e rda
|e pn
|c UKMGB
|d OCLCO
|d YDX
|d GW5XE
|d SFB
|d UKKRT
|d N$T
|d EBLCP
|d OCLCO
|
| 019 |
|
|
|a 1573847773
|a 1574118946
|a 1579289934
|
| 020 |
|
|
|a 9783032142078 (electronic bk.)
|
| 020 |
|
|
|a 3032142075
|q (electronic bk.)
|
| 020 |
|
|
|z 9783032142061
|
| 024 |
7 |
|
|a 10.1007/978-3-032-14207-8
|2 doi
|
| 024 |
8 |
|
|a CIPO000328227
|
| 035 |
|
|
|a (OCoLC)1569673875
|z (OCoLC)1573847773
|z (OCoLC)1574118946
|z (OCoLC)1579289934
|
| 050 |
|
4 |
|a GV713
|b .M55 2026
|
| 072 |
|
7 |
|a JHBS
|2 bicssc
|
| 072 |
|
7 |
|a SPO000000
|2 bisacsh
|
| 072 |
|
7 |
|a JHBS
|2 thema
|
| 082 |
0 |
4 |
|a 796.069
|2 23
|
| 100 |
1 |
|
|a Miller, Toby,
|d 1958-
|e author.
|1 https://id.oclc.org/worldcat/entity/E39PBJhMj7yFWjqXtpPTCcrH4q
|
| 245 |
1 |
0 |
|a Global sports go green - or do they? /
|c Toby Miller, Joan Pedro Carañana.
|
| 264 |
|
1 |
|a Cham :
|b Palgrave Macmillan,
|c 2026.
|
| 300 |
|
|
|a 1 online resource (519 pages) :
|b illustrations (black and white, and colour).
|
| 336 |
|
|
|a text
|2 rdacontent
|b txt
|
| 336 |
|
|
|a still image
|2 rdacontent
|
| 337 |
|
|
|a computer
|2 rdamedia
|b c
|
| 338 |
|
|
|a online resource
|2 rdacarrier
|b cr
|
| 341 |
0 |
|
|b PDF/UA-1
|2 onix
|
| 341 |
0 |
|
|b No reading system accessibility options actively disabled
|2 onix
|
| 341 |
0 |
|
|b Table of contents navigation
|2 onix
|
| 341 |
0 |
|
|b Single logical reading order
|2 onix
|
| 341 |
0 |
|
|b Short alternative textual descriptions
|2 onix
|
| 341 |
0 |
|
|b Use of color is not sole means of conveying information
|2 onix
|
| 341 |
0 |
|
|b Use of high contrast between text and background color
|2 onix
|
| 341 |
0 |
|
|b Next / Previous structural navigation
|2 onix
|
| 341 |
0 |
|
|b All non-decorative content supports reading without sight
|2 onix
|
| 490 |
1 |
|
|a Global culture and sport series
|
| 588 |
|
|
|a Description based upon online resource; title from PDF title page (viewed February 25th 2026).
|
| 532 |
1 |
|
|3 EBSCOhost
|a "EBSCO evaluates our products based on the Web Content Accessibility Guidelines (WCAG) and the related Section 508 and EN 301 549 regulations in the US and EU. Most EBSCO products are substantially conformant with WCAG 2.2 level AA." Source: https://connect.ebsco.com/s/article/EBSCO-VPATs?language=en_US. Last accessed April 22, 2025.
|
| 505 |
0 |
|
|a Chapter 1: INTRODUCTION: THE SLOW VIOLENCE OF CARBON SPORTS -- Chapter 2: THE WORLD CUP OF CARBON FOOTBALL -- Chapter 3: THE CARBON SUMMER OLYMPICS -- Chapter 4: THE CARBON AMERICA'S CUP with Joan Pedro Carañana -- Chapter 5: FORMULA ONE CARBON -- Chapter 6: REFUSING AND RESISTING CARBON SPORTS -- Chapter 7: CONCLUSION.
|
| 520 |
|
|
|a This book explores the multifaceted impact of sports mega-events, from the World Cup to the Olympics, Formula One, and America's Cup. Often celebrated for uniting nations, showcasing culture, and driving economic growth, these events also face increasing scrutiny for their ecological and social consequences. Global Sports Go Green: or Do They? critically examines claims of environmental responsibility, addressing their effects on ecosystems, communities, and athletes, and interrogates the gap between greenwashing rhetoric, material realities, and grassroots resistance. The book will be of particular interest to students and scholars of the sociology of sport, mega-events, sociology of culture and sustainability.
|
| 504 |
|
|
|a Includes bibliographical references and index.
|
| 650 |
|
0 |
|a Hosting of sporting events.
|
| 650 |
|
0 |
|a Sports facilities
|x Environmental aspects.
|
| 650 |
|
0 |
|a Sociology.
|
| 650 |
|
0 |
|a Leisure.
|
| 650 |
|
6 |
|a Accueil d'événements sportifs.
|0 (CaQQLa)000259378
|
| 650 |
|
6 |
|a Équipements sportifs
|0 (CaQQLa)201-0013017
|x Aspect de l'environnement.
|0 (CaQQLa)201-0374355
|
| 650 |
|
6 |
|a Sociologie.
|0 (CaQQLa)201-0000282
|
| 650 |
|
6 |
|a Loisir.
|0 (CaQQLa)201-0032660
|
| 650 |
|
7 |
|a sociology.
|2 aat
|0 (CStmoGRI)aat300054453
|
| 650 |
|
7 |
|a leisure.
|2 aat
|0 (CStmoGRI)aat300138173
|
| 650 |
|
7 |
|a Hosting of sporting events
|2 fast
|0 (OCoLC)fst01740178
|
| 650 |
|
7 |
|a Sports facilities
|x Environmental aspects
|2 fast
|0 (OCoLC)fst01130605
|
| 655 |
|
0 |
|a Electronic books.
|
| 700 |
1 |
|
|a Pedro-Carañana, Joan,
|d 1984-
|e author.
|1 https://id.oclc.org/worldcat/entity/E39PCjB7FVkHCKyxkGJByxdtgC
|1 https://isni.org/isni/000000045461274X
|
| 776 |
0 |
8 |
|i Print version :
|z 9783032142061
|
| 776 |
0 |
8 |
|z 3-032-14206-7
|
| 776 |
0 |
8 |
|i Print version:
|a Miller, Toby
|t Global Sports Go Green--Or Do They?
|d Cham : Palgrave Macmillan,c2026
|z 9783032142061
|
| 830 |
|
0 |
|a Global culture and sport.
|
| 852 |
8 |
|
|b POD
|z This title is available for the library to purchase for your use. Click the "Purchase It For Me" button to place a request. This item will take 5-10 business days to arrive.
|
| 955 |
|
|
|a Ebook POD title
|
| 961 |
|
|
|m 565731
|
| 999 |
f |
f |
|i 9f412fd5-89ac-4b37-8d2e-d8d11022e7e6
|s 65838422-dda5-479e-a977-c1b181a5e819
|t 0
|
| 952 |
f |
f |
|a Texas A&M University
|b College Station
|c Sterling C. Evans Library
|s Evans POD
|d Purchase on Demand
|t 0
|e GV713 .M55 2026
|h Library of Congress classification
|
| 998 |
f |
f |
|a GV713 .M55 2026
|t 0
|l Purchase on Demand
|